00516 2200193 4500001002100000005001500021008004100036020001800077035001900095041000700114082001000121090001600131100002000147700001700167245003500184260003800219300002200257650004300279INLIS00000000001707120241224115237241224||||||||| | ||| |||| || |  a979-3702-89-3 0010-1224017071 aid0 a633.8 a633.8 RAM p0 aRama Prihandana0 aRoy Hendroko00aPetunjuk Budi Daya Jarak Pagar aJakartabAgro Media Pustakac2006 a79hlm;15.5x23.5cm 0aPertanian Dan Teknologi Yang Berkaitan